Statistics for Countries by Rio Athletes

Click here to take the quiz!

General Stats

  • This quiz has been taken 25 times
  • The average score is 14 of 16

Answer Stats

AthleteCountry% Correct
Thiago Braz da Silva, Rafaela Silva,Brazil
100%
Shi Tingmao, Sun Yang, Zhao ShuaiChina
100%
Barbara Engleder, Christian Reitz, Fabian HambuchenGermany
100%
Usain Bolt, Elaine Thompson, Omar McLeodJamaica
100%
Mo Farah, Nicola Adams, Jason KennyUnited Kingdom
100%
Simone Biles, Michael Phelps, Alyson FelixUnited States
100%
Fabio Basile, Niccolo Campriani, Gregorio PaltrinieriItaly
95%
Kohi Uchimura, Eri Tosaka, Sara DoshoJapan
95%
Ruth Beitia, Marcus Walz, Mireia Belmonte GarciaSpain
95%
Sarah Sjostrom, Jenny Rissveds, Marcus SvenssonSweden
95%
Wayde van Niekerk, Caster Semenya, Chad le ClosSouth Africa
91%
Chloe Esposito, Kyle Chalmers, Mack HortonAustralia
86%
Penny Oleksiak, Andre De Grasse, Briane Thiesen-EatonCanada
86%
Oscar Figueroa, Mariana Pajon, Caterine IbarguenColombia
68%
Arlen Lopez, Idalys Ortiz, Yasmany LugoCuba
64%
Katinka Hosszu, Danuta Kozak, Emese SzaszHungary
64%

Score Distribution

Percentile by Number Answered

Percent of People with Each Score

Your Score History

You have not taken this quiz